Total War: Warhammer 3: Playable Factions - Statistics

General Stats
  • This quiz has been taken 30 times
    10 since last reset
  • The average score is 26 of 103
Answer Stats
Faction Type Legendary Lord Faction % Correct
The Empire Emperor Karl Franz Reikland
71%
High Elves Alarielle the Radiant Avelorn
57%
Bretonnia Fay Enchantress Carcassonne
57%
Skaven Deathmaster Snikch Clan Eshin
57%
Lizardmen Gor-Rok Itza
57%
Dark Elves Malekith Naggarond
57%
Vampire Counts Vlad von Carstein Sylvania
57%
The Empire Elspeth von Draken Wissenland and Nuln
57%
Vampire Counts Helman Ghorst Caravan of Blue Roses
43%
Skaven Queek Headtaker Clan Mors
43%
Skaven Throt the Unclean Clan Moulder
43%
Skaven Ikit Claw Clan Skryre
43%
Bretonnia Louen Leoncoeur Couronne
43%
Greenskins Skarsnik Crooked Moon
43%
Dark Elves Morathi Cult of Pleasure
43%
Tomb Kings Arkhan the Black Followers of Nagash
43%
Lizardmen Lord Mazdamundi Hexoatl
43%
Dwarfs Thorek Ironbrow Ironbrow's Expedition
43%
Greenskins Gorbad Ironclaw Ironclaw Orcs
43%
Dwarfs Ungrim Ironfist Karak Kadrin
43%
Dwarfs Thorgrim Grudgebearer Karaz-a-Karak
43%
High Elves Teclis Order of Loremasters
43%
Kislev Kostaltyn The Great Orthodoxy
43%
Kislev Tsarina Katarin The Ice Court
43%
Grand Cathay Miao Ying, the Storm Dragon The Northern Provinces
43%
Grand Cathay Zhao Ming, the Iron Dragon The Western Provinces
43%
Wood Elves Durthu Argwylon
29%
Greenskins Wurrzag da Great Green Prophet Bloody Handz
29%
Dwarfs Belegar Ironhammer Clan Angrund
29%
Skaven Lord Skrolk Clan Pestilens
29%
Skaven Tretch Craventail Clan Rictus
29%
Tomb Kings High Queen Khalida Court of Lybaras
29%
Norsca Sayl the Faithless Dolgan
29%
High Elves Tyrion Eataine
29%
Khorne Skarbrand the Exiled Exiles of Khorne
29%
Tomb Kings Grand Hierophant Khatep Exiles of Nehek
29%
Ogre Kingdoms Greasus Goldtooth Goldtooth
29%
Greenskins Grimgor Ironhide Grimgor's 'Ardboyz
29%
Dark Elves Malus Darkblade Hag Graef
29%
Dark Elves Crone Hellebron Har Ganeth
29%
Tomb Kings Settra the Imperishable Khemri
29%
High Elves Imrik Knights of Caledor
29%
Lizardmen Kroq-Gar Last Defenders
29%
Ogre Kingdoms Golgfag Maneater Maneaters
29%
High Elves Alith Anar Nagarythe
29%
Vampire Coast Aranessa Saltspite Pirates of Sartosa
29%
Slaanesh N'Kari Seducers of Slaanesh
29%
Beastmen Taurox the Brass Bull Slaughterhorn Tribe
29%
Vampire Coast Luthor Harkon The Awakened
29%
Dark Elves Lokhir Fellheart The Blessed Dread
29%
Vampire Coast Count Noctilus The Dreadfleet
29%
The Empire Balthasar Gelt The Golden Order
29%
The Empire Markus Wulfhart The Huntsmarshal's Expedition
29%
Nurgle Tamurkhan the Maggot Lord The Maggot Host
29%
Lizardmen Tiktaq'to Tlaqua
29%
Kislev Boris Ursus Ursun Revivalists
29%
Beastmen Khazrak the One-Eye Warherd of the One-Eye
29%
Norsca Throgg Wintertooth
29%
High Elves Eltharion the Grim Yvresse
29%
Khorne Skulltaker Blooded Wanderers
14%
Bretonnia Alberic de Bourdelaux Bourdelaux Errant
14%
Greenskins Grom the Paunch Broken Axe
14%
Khorne Arbaal the Undefeated Challengers of Khorne
14%
Bretonnia Repanse de Lyonesse Chevaliers de Lyonesse
14%
The Empire Volkmar the Grim Cult of Sigmar
14%
Lizardmen Tehenhauin Cult of Sotek
14%
Ogre Kingdoms Skrag the Slaughterer Disciples of the Maw
14%
Wood Elves Sisters of Twilight Heralds of Ariel
14%
Warriors of Chaos Kholek Suneater Heralds of the Tempest
14%
High Elves Sea Lord Aislinn High Elf Sea Patrol
14%
Chaos Dwarfs Drazhoath the Ashen Legion of Azgorh
14%
Dwarfs Malakai Makaisson Masters of Innovation
14%
Nurgle Ku'gath Plaguefather Poxmakers of Nurgle
14%
Warriors of Chaos Vilitch the Curseling Puppets of Misrule
14%
Warriors of Chaos Be'lakor Shadow Legion
14%
Nurgle Epidemius Tallymen of Pestilence
14%
Slaanesh The Masque of Slaanesh The Accursed Troupe
14%
Dwarfs Grombrindal - The White Dwarf The Ancestral Throng
14%
Vampire Counts Heinrich Kemmler The Barrow Legion
14%
Warriors of Chaos Sigvald the Magnificent The Decadent Host
14%
Vampire Counts Mannfred von Carstein The Drakenhof Conclave
14%
Warriors of Chaos Festus the Leechlord The Fecundites
14%
Grand Cathay Yuan Bo, the Jade Dragon The Jade Court
14%
Chaos Dwarfs Zhatan the Black The Warhost of Zharr
14%
Wood Elves Drycha Wargrove of Woe
14%
Beastmen Morghur the Shadowgave Warherd of the Shadowgave
14%
Warriors of Chaos Archaon the Everchosen Warhost of the Apocalypse
14%
Greenskins Azhag the Slaughterer Bonerattlaz
0%
Kislev Mother Ostankya Daughters of the Forest
0%
Chaos Dwarfs Astragoth Ironhand Disciples of Hashut
0%
Lizardmen Oxyotl Ghosts of Pauhax
0%
Beastmen Malagor the Dark Omen Harbinger of Disaster
0%
Daemons of Chaos The Daemon Prince Legion of Chaos
0%
Warriors of Chaos Valkia the Bloody Legion of the Gorequeen
0%
Tzeentch Kairos Fateweaver Oracles of Tzeentch
0%
Lizardmen Nakai the Wanderer Spirit of the Jungle
0%
Wood Elves Orion Talsyn
0%
Tzeentch The Changeling The Decievers
0%
Vampire Coast Cylostra Direfin The Drowned
0%
Warriors of Chaos Azazel The Ecstatic Legions
0%
Dark Elves Rakarth The Thousand Maws
0%
Slaanesh Dechala the Denied One The Tormentors
0%
Norsca Wulfrik the Wanderer World Walkers
0%
No matching quizzes found
Score Distribution
Percent of People with Each Score
Percentile by Number Answered
Your Score History
You have not taken this quiz since the last reset